000 00824nam a2200169 a 4500
008 120416s1999 ||||||||||||||||| || u
020 _a0074636073
050 _aQA 76.73.C153 Fri
100 _aFriedman, Art
245 1 0 _aC/C++
246 _aannotated archives
260 _aNew Delhi
_bTata McGraw-Hill
_c1999
350 _a0.00
995 _aMAIN LIBRARY OPEN ACCESS
_D0.00
_e732444
_FCBU-MAIN LIBRARY (Kitwe)
_H3
_I40.00
_jQA 76.73.C153 Fri
_M3
_UAVAILABLE
_y029641
_ZMain Library Open Access Collection
995 _aBINDERY (DAMAGED)
_D0.00
_e732445
_FCBU-MAIN LIBRARY (Kitwe)
_H1
_I40.00
_jQA 76.73.C153 Fri
_M1
_UDAMAGED
_y029639
_ZMain Library Open Access Collection
995 _aANNEX COLLECTION (Main Library)
_D0.00
_e732446
_FCBU-MAIN LIBRARY (Kitwe)
_H2
_I40.00
_jQA 76.73.C153 Fri
_M2
_UAVAILABLE
_y029640
_ZAnnex Low-Usage Collection
999 _c79092
_d79092